000
00418nam a2200133Ia 4500
008
151001s9999||||xx |||||||||||||| ||und||
100
_a
सुदर्शन भाटीया
245
_a
लक्ष्यबोध कराते :साहसी महापुरुष
250
_a
1
260
_b
मित्तल एंड सन्स
260
_c
2007
300
_a
128
365
_b
21
999
_c
992559
_d
992556